El menor en el derecho penal : (Record no. 99226)

MARC details
000 -LEADER
campo de control de longitud fija 00766nam a2200193 i 4500
001 - NÚMERO DE CONTROL
campo de control 99226
003 - IDENTIFICADOR DE NÚMERO DE CONTROL
campo de control ES-MaACL
005 - FECHA Y HORA DE LA ÚLTIMA TRANSACCIÓN
campo de control 20250810093053.0
007 - CAMPO FIJO DE DESCRIPCIÓN FÍSICA--INFORMACIÓN GENERAL
campo de control de longitud fija t|
008 - DATOS DE LONGITUD FIJA--INFORMACIÓN GENERAL
campo de control de longitud fija 050906s1912 sp ||||1| spa d
100 1# - ENTRADA PRINCIPAL--NOMBRE DE PERSONA
Nombre de persona Martín Lázaro, Antonio.
9 (RLIN) 77536
245 13 - MENCIÓN DEL TÍTULO
Título El menor en el derecho penal :
Resto del título tesis del doctorado /
Mención de responsabilidad, etc. Antonio Martín Lázaro.
260 ## - PUBLICACIÓN, DISTRIBUCIÓN, ETC.
Lugar de publicación, distribución, etc. Madrid :
Nombre del editor, distribuidor, etc. [s.n.],
Fecha de publicación, distribución, etc. 1912 (
Fabricante Imp. del Patronato de Huérfanos de Intendencia e Intervención Militares)
300 ## - DESCRIPCIÓN FÍSICA
Extensión 63 p. ;
Dimensiones 22 cm.
650 #7 - PUNTO DE ACCESO ADICIONAL DE MATERIA--TÉRMINO DE MATERIA
Término de materia o nombre geográfico como elemento de entrada Administración de justicia de menores
Fuente del encabezamiento o término embne
9 (RLIN) 143338
710 2# - ENTRADA AGREGADA--NOMBRE DE ENTIDAD CORPORATIVA
Nombre de entidad corporativa o nombre de jurisdicción como elemento de entrada Patronato de Huérfanos de Intendencia e Intervención Militares.
9 (RLIN) 6172
852 ## - LOCALIZACIÓN
Ubicación ES-MaACL
Número de control de estantería T-1331-F-2
Nota libre - Dedicatoria autógrafa del autor
Holdings
Estatus retirado Estado de pérdida Estado de daño No para préstamo Colección Biblioteca de origen Biblioteca actual Ubicación en estantería Fecha de adquisición Fuente de adquisición Total de préstamos Signatura topográfica completa Código de barras Visto por última vez Precio de reemplazo Tipo de ítem Koha
        Colección de folletos Biblioteca del Ateneo de Madrid Biblioteca del Ateneo de Madrid Depósito folletos 17/01/2008     T-1331-F-2 1103610 23/02/2023 23/02/2023 Folleto